A critical exposition of the philosophy of Leibniz

Enregistré dans:
Détails bibliographiques
Auteur principal: Russell, Bertrand (Auteur)
Format: Livre
Langue:anglais
Publié: Londres George Allen & Unwin 1937
Édition:2a. ed
Sujets:
Tags: Ajouter un tag
Pas de tags, Soyez le premier à ajouter un tag!

MARC

LEADER 00000nam a2200000 a 4500
001 UCZ3258
003 CL-VaPUC
008 951020e19370000UK |||||||||||||||||eng|d
082 0 4 |a 141  |b RUS  |2 21 
100 0 |a Russell, Bertrand  |e author  |9 323650 
245 1 2 |a A critical exposition of the philosophy of Leibniz 
250 |a 2a. ed 
300 |a 311 p 
942 |c BK 
945 |d 19951020 00:00:00  |a cmena 
260 |a Londres  |b George Allen & Unwin  |c 1937 
650 0 |a Metafísica  |9 265649 
650 0 |a Filosofía alemana   |9 265002 
650 0 |a Idealismo  |9 265685 
650 0 |a Escuelas filosóficas   |9 266232 
583 |a last modification  |c 19951020 00:00:00  |k Rodrigo Vera 
999 |c 239749  |d 239747 
952 |0 0  |1 0  |4 0  |6 141_000000000000000_RUS_1937  |7 0  |8 P  |9 251128  |a BIBEDU  |b BIBEDU  |c BIBEDU_PB  |d 2019-11-18  |i 1584804  |o 141 RUS 1937  |p 1584804  |r 2024-01-25  |w 2019-11-18  |y BK  |k FIL